000 00746nam a22002057a 4500
999 _c178540
_d178540
005 20210406114330.0
010 _aB-738736
020 _a9780670058167
_c250.00
035 _aB-738736
037 _bGift
082 _a080
100 _aNehru, Jawaharlal
245 _aLetters from a father to his daughter /
_cby Jawaharlal Nahru ; illustrated by Ajanta Guhathakurta
260 _aNew Delhi
_bPuffin Books
_c2004
270 _a11 Community Centre, Panchsheel Park
_bNew Delhi
_e110017
300 _a154p.:
_c22cm(pbk)
_bill.
700 _aGuhathakurta, Ajanta
942 _2ddc
_cEN
_h080
_mNEH